<?xml version="1.0" encoding="UTF-8"?>
<record
    xmlns:xsi="http://www.w3.org/2001/XMLSchema-instance"
    xsi:schemaLocation="http://www.loc.gov/MARC21/slim http://www.loc.gov/standards/marcxml/schema/MARC21slim.xsd"
    xmlns="http://www.loc.gov/MARC21/slim">

  <leader>02739ngm a2200529 c 4500</leader>
  <controlfield tag="001">a6266256</controlfield>
  <controlfield tag="003">CO-ViMGA</controlfield>
  <controlfield tag="005">20230915224422.0</controlfield>
  <controlfield tag="007">vd*bsaizq</controlfield>
  <controlfield tag="008">170403s2016    sp 112 g          vlspa  </controlfield>
  <datafield tag="015" ind1=" " ind2=" ">
    <subfield code="a">VD16</subfield>
  </datafield>
  <datafield tag="024" ind1="3" ind2=" ">
    <subfield code="a">8437010738081</subfield>
  </datafield>
  <datafield tag="028" ind1="4" ind2="0">
    <subfield code="a">AB73808</subfield>
    <subfield code="b">Abordar</subfield>
  </datafield>
  <datafield tag="035" ind1=" " ind2=" ">
    <subfield code="a">(OCoLC)1050767236</subfield>
  </datafield>
  <datafield tag="040" ind1=" " ind2=" ">
    <subfield code="a">CO-ViMGA</subfield>
    <subfield code="b">spa</subfield>
    <subfield code="c">CO-ViMGA</subfield>
  </datafield>
  <datafield tag="041" ind1="0" ind2=" ">
    <subfield code="a">spa</subfield>
    <subfield code="h">spa</subfield>
  </datafield>
  <datafield tag="082" ind1=" " ind2=" ">
    <subfield code="a">791.4309861 A17</subfield>
  </datafield>
  <datafield tag="084" ind1=" " ind2=" ">
    <subfield code="a">1</subfield>
    <subfield code="2">VD</subfield>
  </datafield>
  <datafield tag="245" ind1="0" ind2="3">
    <subfield code="a">El abrazo de la serpiente</subfield>
    <subfield code="c">dirigida por Ciro Guerra ; producida por Cristina Gallego ; guion, Ciro Guerra, Jacques Toulemonde ; director de fotograf&#xED;a, David Gallego ; m&#xFA;sica original, Nascuy Linares</subfield>
  </datafield>
  <datafield tag="260" ind1=" " ind2=" ">
    <subfield code="a">Bogot&#xE1; :</subfield>
    <subfield code="b">Sony Music </subfield>
    <subfield code="c">2016</subfield>
  </datafield>
  <datafield tag="300" ind1=" " ind2=" ">
    <subfield code="a">1 DVD (125 min.)</subfield>
    <subfield code="b">son., color</subfield>
  </datafield>
  <datafield tag="500" ind1=" " ind2=" ">
    <subfield code="a">Basada en los los diarios de viaje de Theodor Koch Grunberg y Richard Evans Schultes</subfield>
  </datafield>
  <datafield tag="511" ind1="1" ind2=" ">
    <subfield code="a">Nilbio Torres, Jan Bijvoet, Tafillama</subfield>
  </datafield>
  <datafield tag="518" ind1=" " ind2=" ">
    <subfield code="a">Largometraje coproducido por Colombia, Venezuela y Argentina en 2015</subfield>
  </datafield>
  <datafield tag="520" ind1="3" ind2=" ">
    <subfield code="a">Karamakate, un poderoso chaman amaz&#xF3;nico y ultimo sobreviviente de su pueblo, vive en aislamiento voluntario en lo mas profundo de la selva. Su vida vaca&#x315; da un vuelco el d&#xED;a en que a su remota guarida llega Evan, un etnobota&#x1F9;ico americano en busca de la yakruna, una misteriosa planta capaz de ense&#xF1;ar a ...</subfield>
  </datafield>
  <datafield tag="521" ind1="1" ind2=" ">
    <subfield code="a">No recomendada a menores de 12 a&#xF1;&#x1EB;s</subfield>
  </datafield>
  <datafield tag="546" ind1=" " ind2=" ">
    <subfield code="a">Versi&#xF3;n original en espa&#xF1;&#x1EB;l, con subtitulos opcionales en espa&#xF1;&#x1EB;l</subfield>
  </datafield>
  <datafield tag="586" ind1=" " ind2=" ">
    <subfield code="a">Entre otros: Festival International du Film (2015), Premios ACE (2016), Sundance Film Festival (2016)</subfield>
  </datafield>
  <datafield tag="650" ind1="1" ind2="4">
    <subfield code="2">Chamanismo|zR&#xED;o Amazonas|vDVD</subfield>
    <subfield code="v">Chamanismo|zR&#xED;o Amazonas|vDVD</subfield>
    <subfield code="z">Chamanismo|zR&#xED;o Amazonas|vDVD</subfield>
    <subfield code="9">13834</subfield>
  </datafield>
  <datafield tag="650" ind1="1" ind2="4">
    <subfield code="2">Cient&#xED;ficos|zR&#xED;o Amazonas|vDVD</subfield>
    <subfield code="v">Cient&#xED;ficos|zR&#xED;o Amazonas|vDVD</subfield>
    <subfield code="z">Cient&#xED;ficos|zR&#xED;o Amazonas|vDVD</subfield>
    <subfield code="9">13835</subfield>
  </datafield>
  <datafield tag="650" ind1="1" ind2="4">
    <subfield code="2">Cine colombiano|vDVD</subfield>
    <subfield code="v">Cine colombiano|vDVD</subfield>
    <subfield code="9">13836</subfield>
  </datafield>
  <datafield tag="655" ind1=" " ind2="7">
    <subfield code="a">Cine de aventuras y acci&#xF3;n</subfield>
    <subfield code="9">13837</subfield>
  </datafield>
  <datafield tag="655" ind1=" " ind2="7">
    <subfield code="a">Dramas cinematogr&#xE1;ficos</subfield>
    <subfield code="9">13838</subfield>
  </datafield>
  <datafield tag="700" ind1="1" ind2=" ">
    <subfield code="a">Bijvoet, Jan</subfield>
    <subfield code="d">1966-</subfield>
    <subfield code="e">actor</subfield>
    <subfield code="4">act</subfield>
    <subfield code="9">13844</subfield>
  </datafield>
  <datafield tag="700" ind1="1" ind2=" ">
    <subfield code="a">Gallego, David</subfield>
    <subfield code="c">(director de fotografa&#x315;)</subfield>
    <subfield code="e">director de fotografa&#x315;</subfield>
    <subfield code="4">cng</subfield>
    <subfield code="9">13841</subfield>
  </datafield>
  <datafield tag="700" ind1="1" ind2=" ">
    <subfield code="a">Guerra, Ciro</subfield>
    <subfield code="d">1981-</subfield>
    <subfield code="e">director de cine</subfield>
    <subfield code="e">guionista</subfield>
    <subfield code="4">fmd </subfield>
    <subfield code="4">aus</subfield>
    <subfield code="9">13839</subfield>
  </datafield>
  <datafield tag="700" ind1="1" ind2=" ">
    <subfield code="a">Linares, Nascuy</subfield>
    <subfield code="e">compositor</subfield>
    <subfield code="4">cmp</subfield>
    <subfield code="9">13842</subfield>
  </datafield>
  <datafield tag="700" ind1="1" ind2=" ">
    <subfield code="a">Tafillama</subfield>
    <subfield code="e">actor</subfield>
    <subfield code="4">act</subfield>
    <subfield code="9">13845</subfield>
  </datafield>
  <datafield tag="700" ind1="1" ind2=" ">
    <subfield code="a">Torres, Nilbio</subfield>
    <subfield code="e">actor</subfield>
    <subfield code="4">act</subfield>
    <subfield code="9">13843</subfield>
  </datafield>
  <datafield tag="700" ind1="1" ind2=" ">
    <subfield code="a">Toulemonde, Jacques</subfield>
    <subfield code="e">guionista</subfield>
    <subfield code="4">aus</subfield>
    <subfield code="9">13840</subfield>
  </datafield>
  <datafield tag="711" ind1="2" ind2=" ">
    <subfield code="a">Festival International du Film</subfield>
    <subfield code="n">68&#xF0;</subfield>
    <subfield code="d">2015</subfield>
    <subfield code="c">Cannes</subfield>
    <subfield code="9">13846</subfield>
  </datafield>
  <datafield tag="711" ind1="2" ind2=" ">
    <subfield code="a">Premios ACE</subfield>
    <subfield code="n">48&#xF0;</subfield>
    <subfield code="d">2016</subfield>
    <subfield code="c">Nueva York</subfield>
    <subfield code="9">13847</subfield>
  </datafield>
  <datafield tag="711" ind1="2" ind2=" ">
    <subfield code="a">Sundance Film Festival</subfield>
    <subfield code="n">32&#xF0;</subfield>
    <subfield code="d">2016</subfield>
    <subfield code="c">Salt Lake City</subfield>
    <subfield code="9">13848</subfield>
  </datafield>
  <datafield tag="776" ind1="0" ind2=" ">
    <subfield code="t">El abrazo de la serpiente</subfield>
    <subfield code="h">DVD-Vd&#x315;eo</subfield>
    <subfield code="w">a5936332</subfield>
  </datafield>
  <datafield tag="942" ind1=" " ind2=" ">
    <subfield code="2">ddc</subfield>
    <subfield code="c">CD</subfield>
  </datafield>
  <datafield tag="956" ind1=" " ind2=" ">
    <subfield code="a">1</subfield>
  </datafield>
  <datafield tag="999" ind1=" " ind2=" ">
    <subfield code="c">11914</subfield>
    <subfield code="d">11914</subfield>
  </datafield>
  <datafield tag="952" ind1=" " ind2=" ">
    <subfield code="0">0</subfield>
    <subfield code="1">0</subfield>
    <subfield code="2">ddc</subfield>
    <subfield code="4">0</subfield>
    <subfield code="7">0</subfield>
    <subfield code="8">001</subfield>
    <subfield code="a">MEVIGACOM</subfield>
    <subfield code="b">MEVIGACOM</subfield>
    <subfield code="d">2019-06-12</subfield>
    <subfield code="g">18450.00</subfield>
    <subfield code="l">0</subfield>
    <subfield code="o">791.4309861 A17</subfield>
    <subfield code="p">32923</subfield>
    <subfield code="r">2019-06-12 00:00:00</subfield>
    <subfield code="t">Ej. 3</subfield>
    <subfield code="w">2019-06-12</subfield>
    <subfield code="y">CD</subfield>
  </datafield>
  <datafield tag="952" ind1=" " ind2=" ">
    <subfield code="0">0</subfield>
    <subfield code="1">0</subfield>
    <subfield code="2">ddc</subfield>
    <subfield code="4">0</subfield>
    <subfield code="7">0</subfield>
    <subfield code="8">003</subfield>
    <subfield code="a">MEVIECAR</subfield>
    <subfield code="b">MEVIECAR</subfield>
    <subfield code="d">2019-06-12</subfield>
    <subfield code="l">0</subfield>
    <subfield code="o">791.4309861 A17</subfield>
    <subfield code="p">06.12857</subfield>
    <subfield code="r">2019-06-12 00:00:00</subfield>
    <subfield code="t">Ej. 1</subfield>
    <subfield code="w">2019-06-12</subfield>
    <subfield code="y">CD</subfield>
  </datafield>
  <datafield tag="952" ind1=" " ind2=" ">
    <subfield code="0">0</subfield>
    <subfield code="1">0</subfield>
    <subfield code="2">ddc</subfield>
    <subfield code="4">0</subfield>
    <subfield code="7">0</subfield>
    <subfield code="8">GEN</subfield>
    <subfield code="a">MEMAPIRI</subfield>
    <subfield code="b">MEMAPIRI</subfield>
    <subfield code="c">GEN</subfield>
    <subfield code="d">2024-01-24</subfield>
    <subfield code="l">0</subfield>
    <subfield code="o">791.4309861 A17</subfield>
    <subfield code="p">MAP00003609</subfield>
    <subfield code="r">2024-01-24 21:49:56</subfield>
    <subfield code="t">Ej.1</subfield>
    <subfield code="w">2024-01-24</subfield>
    <subfield code="y">DVD</subfield>
  </datafield>
  <datafield tag="952" ind1=" " ind2=" ">
    <subfield code="0">0</subfield>
    <subfield code="1">0</subfield>
    <subfield code="2">ddc</subfield>
    <subfield code="4">0</subfield>
    <subfield code="7">0</subfield>
    <subfield code="8">GEN</subfield>
    <subfield code="a">MESGUARO</subfield>
    <subfield code="b">MESGUARO</subfield>
    <subfield code="c">GEN</subfield>
    <subfield code="d">2024-07-09</subfield>
    <subfield code="l">0</subfield>
    <subfield code="o">791.4309861 A17</subfield>
    <subfield code="p">SG01948</subfield>
    <subfield code="r">2024-07-09 11:49:31</subfield>
    <subfield code="t">Ej.1</subfield>
    <subfield code="w">2024-07-09</subfield>
    <subfield code="y">CD</subfield>
  </datafield>
  <datafield tag="952" ind1=" " ind2=" ">
    <subfield code="0">0</subfield>
    <subfield code="1">0</subfield>
    <subfield code="2">ddc</subfield>
    <subfield code="4">0</subfield>
    <subfield code="7">0</subfield>
    <subfield code="8">GEN</subfield>
    <subfield code="a">MEURIBE</subfield>
    <subfield code="b">MEURIBE</subfield>
    <subfield code="c">GEN</subfield>
    <subfield code="d">2024-08-15</subfield>
    <subfield code="l">0</subfield>
    <subfield code="o">791.4309861 A17</subfield>
    <subfield code="p">URI01015</subfield>
    <subfield code="r">2024-08-15 10:58:17</subfield>
    <subfield code="t">Ej.1</subfield>
    <subfield code="w">2024-08-15</subfield>
    <subfield code="y">CD</subfield>
  </datafield>
</record>
